| 000 | 01694nam a2200277Ia 4500 | ||
|---|---|---|---|
| 999 |
_c38976 _d38976 |
||
| 001 | 5435 | ||
| 003 | GE_BSU | ||
| 005 | 20191023122422.0 | ||
| 008 | 181216s2008||||ge |||||||||||||| ||geo|| | ||
| 020 | _a9789941005497 | ||
| 040 | _cGE_BSU | ||
| 041 | _ageo | ||
| 080 | _a343.9 კ-84 | ||
| 245 |
_aკრიმინოლოგია და სამართალდამცავი სისტემა საქართველოში : _bსახელმძღვანელო / _cგიორგი თოდრია, ვასილ კვირიკაშვილი, ირაკლი გოძიაშვილი, ლაშა ბრეგვაძე ; სამეცნ. რედ. გიორგი ღლონტი ; თ. წერეთლის სახ. და სამართლ. ინ-ტი. |
||
| 264 |
_aთბილისი, _c2008. |
||
| 300 |
_a478 გვ. ; _b29 სმ. |
||
| 504 | _a ბიბლიოგრ. ტექსტ. შენიშვნ. | ||
| 653 | _a კრიმინოლოგიის სახელმძღვანელოები | ||
| 653 | _aსაქართველოს სამართალდამცავი სისტემა; | ||
| 700 |
_aთოდრია, გიორგი _eავტორი _92886 |
||
| 700 |
_aკვირიკაშვილი, ვასილ _eავტორი _94953 |
||
| 700 |
_aგოძიაშვილი, ირაკლი _eავტორი _94954 |
||
| 700 |
_aბრეგვაძე, ლაშა _eავტორი _94955 |
||
| 700 |
_aღლონტი, გიორგი _eრედაქტორი _92882 |
||
| 942 |
_cBK _2udc |
||